003010000a2200133000450000500170000010000180001724500230003525000130005826000480007130000090011904000080012836500090013665000220014520120302064737.0 a Adi Shankara a Sadhana Panchakam a Revised aMumbai:Central chinmaya mission trust,2007. a29p. aEng b18/- aSadhana,panchakam